000 00305nam a2200133Ia 4500
008 150301s2015 xx 000 0 und d
082 _a615
_bH08N
100 _aR.V. NAIR
245 _aHERBAL HOMES REMEDIES
260 _bUNIIVERSITY PRESS
300 _a58
650 _aHERBAL PHARMACY
942 _2ddc
_cBK
999 _c7114
_d7114